000 00728nam a2200289Ia 4500
005 20260324130350.0
008 008 260324s9999 xx 000 0 eng d
020 _a9781315547657
037 _aEBOOK
040 _aCRL
040 _beng
040 _cCRL
041 _2eng
041 _aeng
084 _qCRL
100 _aRichard Wistreich
_91170939
245 0 _aWarrior, Courtier, Singer
245 0 _bGiulio Cesare Brancaccio and the Performance of Identity in the Late Renaissance
260 _bTaylor and Francis
260 _c2007
365 _a
365 _b240
856 _uhttp://www.taylorfrancis.com/books/9781315547657
942 _cEBOOK
999 _c1777617
_d1777617